| 000 | 01002nac a22002777a 4500 | ||
|---|---|---|---|
| 001 | BR0402423 | ||
| 003 | BR-BrBNA | ||
| 005 | 20240105123010.0 | ||
| 008 | 230509b bl.|||m| |||| 00| 0 por d | ||
| 040 |
_aBR-BrBNA _bpor _cBiblioteca Nacional de Agricultura |
||
| 072 | _aE51 | ||
| 090 | _aE51 BR0402423 | ||
| 100 | 1 | _aToresan, L. | |
| 100 | 1 | _aOliveira, G. de | |
| 110 | 1 | _aInstituto de Planejamento e Economia Agrícola de Santa Catarina, Florianópolis (Brasil) | |
| 245 | 1 | _aImigração, urbanização e concentração litorânea: a dinâmica populacional de Santa Catarina nos anos noventa | |
| 260 | 3 |
_aFlorianópolis, SC (Brasil): _c2001. |
|
| 300 | _a11 p. | ||
| 490 |
_aInforme Conjuntural - Instituto de Planejamento e Economia Agrícola de Santa Catarina (Brazil) _vno. 180 _x |
||
| 650 | _aIMIGRAÇÃO | ||
| 650 | _aURBANIZAÇÃO | ||
| 650 | _aDINÂMICA POPULACIONAL | ||
| 650 | _aSANTA CATARINA | ||
| 909 |
_a202312 _bLúcia Elande _c55 _dLúcia Elande |
||
| 942 |
_2AGRIS _n0 _cMS |
||
| 999 |
_c293590 _d293590 |
||